| 000 | 00880nam a2200265 a 4500 | ||
|---|---|---|---|
| 001 | 66503 | ||
| 003 | BD-RjUL | ||
| 005 | 20211209081541.0 | ||
| 008 | 170316s1999 enka bf 001 0 eng d | ||
| 020 | _a0240803795 (alk. paper) | ||
| 035 | _a(BD-RjUL)66633 | ||
| 040 |
_dBD-RjUL _beng _aBD-RjUL _cBD-RjUL |
||
| 041 | _aeng | ||
| 082 | 0 | 0 |
_a621.38932 _223 _bBAO 1999 |
| 100 | 1 |
_aBartlett, Bruce. _9196830 |
|
| 245 | 1 | 0 |
_aOn-location recording techniques / _cBruce Bartlett with Jenny Bartlett. |
| 260 |
_aBoston : _bFocal Press, _c1999. |
||
| 300 |
_axxiii, 278 p. : _bill. ; _c24 cm. |
||
| 504 | _aIncludes bibliographical references and index. | ||
| 650 | 0 |
_aSound _xRecording and reproducing _919599 |
|
| 650 | 0 |
_aMagnetic recorders and recording _xHandbooks, manuals, etc. _9196831 |
|
| 700 | 1 |
_aBartlett, Jenny. _9196832 |
|
| 942 |
_2ddc _cBK |
||
| 999 |
_c66503 _d66503 |
||